PS5 All Lyrics - salem ilese, TXT ft. Alan Walker - Statistics

General Stats
  • This quiz has been taken 654 times
  • The average score is 156 of 262
Answer Stats
Answer % Correct
I
97%
me
95%
me?
95%
me,
95%
Me
95%
PS5
95%
the
94%
you
93%
it
91%
a
86%
or
86%
Tell
83%
it's
81%
It's
81%
if
75%
I'm
73%
be
72%
your
72%
for
71%
love,
69%
My
69%
in
67%
over
66%
when
66%
can
65%
And
64%
and
64%
win,
64%
win
64%
is
62%
to
62%
not
60%
So
60%
So,
60%
been
58%
decide
56%
decide?
56%
Fortnite.
55%
run
55%
gone
54%
are
53%
Can't
53%
can't
53%
gonna
52%
of
51%
Eyes
50%
life?
50%
you've
50%
night
49%
then
49%
time
49%
stuck
48%
up
48%
fake
47%
probably
47%
way
46%
but
45%
But
45%
see
45%
mine
44%
play
44%
trophy
43%
waste
43%
how
42%
know
42%
like
42%
I'll
41%
Make
41%
only
41%
spend
41%
which
41%
why
41%
more
40%
Now
40%
type
40%
wasting
40%
long
39%
prize
39%
this
39%
ride
35%
us
35%
wanna
34%
where
34%
don't
33%
games
33%
that
33%
close
32%
just
32%
never
32%
playing
32%
hold
31%
kiss
31%
say
31%
slowly
31%
find
30%
kind
30%
lonely
30%
lies
29%
we're
29%
making
28%
secrets
28%
Seems
28%
won't
28%
wrong
28%
Please,
27%
telling
27%
Could
26%
leave
26%
live?
26%
online,
26%
feeling
25%
keeping
25%
low-key,
25%
too
25%
tight
24%
Missing
23%
Whoa
23%
Three's
21%
faithful
18%
promise
18%
show
18%
Two
18%
grateful
17%
minutes
17%
staying
16%
begging
15%
high
15%
Score's
15%
you'll
14%
at
13%
get
13%
ya
12%
I'ma
4%
Least
2%
No matching quizzes found
Score Distribution
Percent of People with Each Score
Percentile by Number Answered
Your Score History
You have not taken this quiz